Nehnuteľnosť v zákone o dani z príjmov

Priblíženie problematiky nehnuteľností z hľadiska dane z príjmu, hlavne otázky spojené s daňovou účinnosťou nákladov a tiež možné prípady príjmov oslobodených od dane. Vlastná nehnuteľnosť, cudzia nehnuteľnosť.

Gespeichert in:
Bibliographische Detailangaben
1. Verfasser: Petrovická, Iveta
Format: Buchkapitel
Sprache:Slowakisch
Schlagworte:
Tags: Tag hinzufügen
Keine Tags, Fügen Sie das erste Tag hinzu!

MARC

LEADER 00000naa$a2200000$$$4500
001 0065444
005 20231114095700.2
041 0 |a slo 
044 |a SK 
245 1 0 |a Nehnuteľnosť v zákone o dani z príjmov  |c Iveta Petrovická 
520 |a Priblíženie problematiky nehnuteľností z hľadiska dane z príjmu, hlavne otázky spojené s daňovou účinnosťou nákladov a tiež možné prípady príjmov oslobodených od dane. Vlastná nehnuteľnosť, cudzia nehnuteľnosť. 
610 2 0 |a nehnuteľnosti 
610 2 0 |a podnikatelia 
610 2 0 |a majetok hmotný 
610 2 0 |a stavby 
610 2 0 |a pozemky 
610 2 0 |a dane z príjmov 
610 2 0 |a náklady 
610 2 0 |a príjmy 
610 2 0 |a oslobodenie od daní 
100 1 |a Petrovická, Iveta